GTA 5 Quiz - Statistics

General Stats
  • This quiz has been taken 1,201 times
  • The average score is 20 of 29
Answer Stats
Hint Answer % Correct
Main Character Franklin Clinton
99%
Main Character Trevor Phillips
99%
Main Character Michael De Santa
98%
The dog Chop
95%
Franklin's best friend Lamar Davis
95%
Fat son that plays video games Jimmy De Santa
92%
Wife having affair with tennis coach Amanda De Santa
90%
In charge of heists Lester Crest
87%
Daughter on Fame or Shame Tracey De Santa
85%
Billionaire Antagonist Devin Weston
81%
Trevor's friend Ron Jakowski
80%
Helped with North Yankton heist Brad Snider
77%
Accidentally shot above Dave Norton
75%
Mexican Crime boss Martin Madrazo
75%
Private Military Merryweather
74%
Gets sucked into jet engine Molly Schultz
72%
Killed in ferris wheel Steve Haines
72%
Trevor's friend Wade Herbert
72%
The aunt Denise Clinton
69%
Person who set up Lamar. Killed by Michael in Deathwish Stretch
66%
Enemy association of above IAA
61%
Like FBI FIB
57%
Above's nephew Floyd Herbert
48%
Leader of the Triads Wei Chang
39%
Above's fiancee Debra
35%
Above's son Tao Chang
35%
Wife of above Patricia Madrazo
26%
Movie guy Soloman Richards
24%
Assistant of above Alesandro Sanchez
1%
No matching quizzes found
Score Distribution
Percent of People with Each Score
Percentile by Number Answered
Your Score History
You have not taken this quiz